Baltimore Polytechnic Institute Teachers Quiz - Statistics

General Stats
  • This quiz has been taken 4 times
  • The average score is 58 of 121
Answer Stats
Hint Answer % Correct
A. H. Amanda Hayek
100%
B. C. Bienvenido Cubebe
100%
C. B. Carla Barrera
100%
D. S. Dwight Smith
100%
J. R. James Riley
100%
J. E. John Eugene
100%
J. H. Josh Headley
100%
K. P. Kendall Peace
100%
L. J. Latonya Johnson
100%
P. S. Parth Sanghvi
100%
P. S. Paul Smith
100%
R. M. Robert Marinelli
100%
A. S. Amanda Sakmar
67%
A. K. Andy Krzys
67%
A. W. Ani Washington
67%
B. C. Benjamin Conry
67%
B. H. Benjamin Howard
67%
B. W. Brian Watson
67%
C. S. Caroline Schmidt
67%
C. S. Chris Small
67%
C. C. Christine Calderon
67%
C. O. Conor O Brien
67%
C. M. Cristiano Marchiori
67%
D. H. David Hepburn
67%
D. R. Dean Rosenthal
67%
D. G. Dwayne Green
67%
E. B. Editha Bardoquillo
67%
E. C. Elizabeth Bryant Cavazos
67%
E. B. Emily Birx
67%
E. G. Eric Green
67%
E. S. Erik Schleicher
67%
E. G. Ethan Gonzales
67%
F. H. Faheem Hammett
67%
H. C. Hassan Charleston
67%
J. S. Jacqueline Secor
67%
J. B. James Baker
67%
J. R. James Rittner
67%
J. W. James Wauer
67%
J. C. Janae Corbin
67%
J. C. Jasmin Castillo
67%
J. R. Jeffrey Reeser
67%
J. B. Jennifer Barton
67%
J. C. Jill Chen
67%
J. B. Joanne Briscoe
67%
K. B. Kenya Beard
67%
K. G. Kia Glaze
67%
L. E. Laura Emberson
67%
L. L. Laura Lindstrom
67%
L. T. Lily Tittle
67%
L. S. Lynnea Scurry
67%
M. S. Mark Sawyer
67%
M. A. Matt Adelberg
67%
M. W. Matthew Woolston
67%
M. A. Mustapha Aziz
67%
N. B. Nicomedes Bantang
67%
P. F. Patrice Frasier
67%
P. T. Phil Thompson
67%
R. R. Ralph Rogers
67%
R. R. Robyn McGowan Roblin
67%
S. A. Sarah Avery
67%
S. G. Shannon Gluth
67%
V. T. Valerie Torres
67%
V. M. Victoria Mathew
67%
Z. S. Zachary Secor
67%
A. S. Adrian Song
33%
A. P. Andrew Pappas
33%
B. S. Brenda Serpick
33%
C. W. Catalina Walther
33%
C. W. Christina Williams
33%
D. B. Denyse Phillip Blue
33%
D. S. Diomar Saguibo
33%
E. E. Eileen Eldridge
33%
E. H. Emani Harris
33%
H. E. Hazel Evans
33%
J. D. James Davis
33%
J. M. Josh Massey
33%
K. A. Karen Altman
33%
K. W. Kate Wickham
33%
K. K. Kiki Karpodinis
33%
K. V. Krista Viel
33%
L. J. Lauren Jackson
33%
L. W. Lynnell Williams
33%
M. H. Madeleine Hill
33%
M. N. Maria Naranjo
33%
M. O. Maureen ONeill
33%
M. D. Micah Duckett
33%
M. H. Michele Harris
33%
R. S. Rahul Sharma
33%
R. O. Regina ONeal
33%
R. F. Ricardo Flood
33%
R. H. Roberta Harris
33%
R. M. Robin Malloy
33%
R. A. Rodney Alford
33%
S. W. Samantha Whittemore
33%
S. S. Sean Sullivan
33%
S. M. Shannon Montague
33%
T. C. Timothy Carter
33%
T. M. Troy Mabry
33%
A. A. Ashad Adams
0%
A. T. Ashlee Teagle
0%
B. S. Barbara Shorter
0%
D. S. De'Andre Sheppard
0%
D. D. Deloris David
0%
E. V. Evan Velleman
0%
F. M. Fidelis Muthubi
0%
J. H. Janet Holmes
0%
K. W. Kimberly Whitehead
0%
N. S. Neyla Sherrod
0%
O. V. Odella Vinson
0%
P. C. Phyllis Crutch
0%
R. F. Rose Vi Figueroa
0%
S. M. Serena Morris
0%
S. V. Shai Vaday
0%
S. U. Shirley Ucol-Cobaria
0%
T. T. Tamika Trusty
0%
T. R. Tammy Richards
0%
T. W. Tanier Webb
0%
T. R. Thyara Vega Rondon
0%
T. S. Twayna Sellers
0%
V. J. Vanessa Jenkins
0%
V. S. Virginia Samford
0%
No matching quizzes found
Score Distribution
Percent of People with Each Score
Percentile by Number Answered
Your Score History
You have not taken this quiz